Personnages Stranger Things - Statistiques

Statistiques générales
  • Ce quiz a été pris 443 fois
  • Le résultat moyen est 12 sur 15
Statistiques - réponses
Hint Réponse % Correct
M Mike
98%
W Will
97%
D Dustin
95%
L Lucas
95%
J Joyce
91%
H Hopper
90%
N Nancy
85%
M Max
83%
S Steve
83%
J Jonathan
82%
O Onze
80%
R Robin
72%
B Bob
67%
E Erica
65%
E Eddie
56%
Aucun quiz correspondant
Distribution des résultats
% des personnes avec chaque résultat
Percentile par nombre de réponses
Votre historique - résultats
Vous n’avez pas pris ce quiz